MARC

LEADER 00000nam0a2200000 4500
001 9830
005 20231030182636.0
010 |a 0333669703 
035 |a (RuTPU)RU\TPU\book\9885 
035 |a BOOK00009947 
090 |a 9830 
100 |a 20011209d1996 m y0engy50 ba 
101 0 |a eng 
102 |a GB 
105 |a y j 000zy 
200 1 |a Mastering electronics  |f J. Watson 
210 |a Houndmills  |c Macmillan  |d 1996 
215 |a 398 p. 
225 1 |a Macmillan Master Series 
610 1 |a электроника 
610 1 |a английский язык 
610 1 |a учебные пособия 
610 1 |a книги для чтения 
610 1 |a технические хрестоматии 
675 |a 621.38(075.8)  |v 3 
686 |a Ш143.21-923.81  |v LBC/SL-A  |2 rubbk 
700 1 |a Watson  |b J.  |g John 
801 0 |a RU  |b 63413507  |c 20011209  |g PSBO 
801 2 |a RU  |b 63413507  |c 20110930  |g PSBO 
942 |c BK